| 000 | 00537cam a2200193ua 4500 | ||
|---|---|---|---|
| 001 | 350 | ||
| 005 | 20260515113143.0 | ||
| 008 | 110330n ii |||gr||||Z||||||eng | ||
| 040 | _cMAIN | ||
| 082 | _a327.11 | ||
| 245 | 1 | 2 |
_aTheoretical aspects of international politics. _cBy Mahendra Kumar. |
| 250 | _a1st. | ||
| 260 |
_aNew Delhi.: _bEducational publishers.,967. |
||
| 300 | _aiii, 487 p.:5 cm. | ||
| 653 | _aPolitical science. | ||
| 653 | _aTheoetical aspects of international politics. | ||
| 700 | 1 | _aKumar, Mahendra., | |
| 942 | _cBK | ||
| 999 |
_c299 _d299 |
||